Socios Comerciales más Grandes - Unión Europea - Estadísticas

Estadísticas generales
  • Esta prueba ha sido intentada 2.368 veces
  • La puntuación promedio es 19 de 24
Estadísticas de respuestas
Importaciones Exportaciones País % Correcto
232 399 Estados Unidos
99%
472 223 China
98%
23,4 37,7 México
96%
159 89,3 Rusia
96%
32,9 33,8 Brasil
95%
23,4 37,3 Canadá
95%
62,3 62,4 Japón
95%
46,2 41,9 India
93%
33,1 Australia
92%
55,4 51,9 Corea del Sur
85%
78,0 79,2 Turquía
84%
20,8 25,0 Arabia Saudita
82%
22,1 Sudáfrica
80%
24,1 28,3 Ucrania
77%
146 284 Reino Unido
73%
25,1 Marruecos
72%
22,0 Tailandia
67%
74,5 56,5 Noruega
64%
124 157 Suiza
62%
29,8 Emiratos Árabes Unidos
61%
35,6 28,4 Taiwán
58%
38,5 Vietnam
58%
29,2 Malasia
53%
27,3 Singapur
48%
No se encontraron pruebas coincidentes
Distribución de puntuación
Porcentaje de gente con cada puntuación
Porcentaje por número respondido
Historial de tus puntuaciones
No has intentado esta prueba.